000 00587nam a2200193Ia 4500
003 GCL
008 140319s9999 xx 000 0 ara d
040 _aGCL /
_cGCL
082 0 4 _a891.7
_bب ا
100 1 _aسامى الدروبى (مترجم)
245 1 0 _aابن الضابط /
_cسامى الدروبى (مترجم)
700 1 _aبوشكين ، الكسندر
300 _a144 ص
490 _aروايات الهلال
_v0
650 0 4 _aالادب الروسى
650 0 4 _aالقصص الروسية
650 0 4 _aالادب الروسى المترجم
942 _2ddc
_cBK
999 _c40989
_d40989